| 000 | 00751nam a22002297a 4500 | ||
|---|---|---|---|
| 005 | 20251108170123.0 | ||
| 008 | 250721s1991 xx 000 0 ara d | ||
| 082 | 1 | 4 | _aط/503/موس |
| 100 | 1 |
_aحمود، لميس محمد _eTran. |
|
| 245 | 1 | 0 | _aموسوعة الأطفال و الفتيان الميسرة / |
| 264 | 1 |
_aبيروت : _bدار العودة، _c1991. |
|
| 300 | _a2 مج. | ||
| 490 | 0 | _aمصور | |
| 650 | 1 | 7 | _aالمعارف العامة |
| 650 | 1 | 7 | _aالأسئلة و الأجوبة |
| 650 | 1 | 7 | _aالعلوم |
| 653 | _aناشئون كبار (15-18 سنة) | ||
| 700 | 1 |
_aمحمود، اليفانا _eTran. |
|
| 700 | 1 |
_aالوارديني، اليافانا الياس _eTran. |
|
| 942 |
_2ddc _cBK |
||
| 999 |
_c40246 _d40246 |
||